|
|
|
|
| LEADER |
00000cam a2200000 i 4500 |
| 001 |
1/32340 |
| 008 |
060717s2005 eng d |
| 020 |
|
|
|a 1-901095-02-9
|
| 035 |
|
|
|l 10084650
|
| 040 |
|
|
|a GR-MY-UA
|b gre
|e aacr
|
| 041 |
0 |
|
|a eng
|
| 082 |
0 |
|
|a 428.0071
|2 (22)
|
| 245 |
1 |
0 |
|a IATEFL :
|b 39th International Annual Conference, Cardiff, 5-9 April 2005 /
|c edited by Briony Beaven ; editorial committee Jonathan Marks, Amos Paran, Silvana Richardson
|
| 246 |
3 |
3 |
|a IATEFL 2005
|
| 260 |
|
|
|a Canterbury, Kent :
|b IATEFL,
|c 2005
|
| 300 |
|
|
|a 192 σ.;
|c 21 εκ.
|
| 500 |
|
|
|a Επιλεγμένα πρακτικά συνεδρίου
|
| 504 |
|
|
|a Περιέχει βιβλιογραφία
|
| 650 |
0 |
0 |
|a English language
|x Study and teaching
|x Foreign speakers
|x Congresses.
|
| 700 |
1 |
|
|a Beaven, Briony.
|4 edt
|
| 710 |
2 |
|
|a International Association of Teachers of English as a Foreign Language
|b International Conference.
|
| 852 |
|
|
|a INST
|b LESVOS
|e 20060717
|h 428.0071 INT
|p 005100036322
|q 005100036322
|t BK
|y 0
|
| 901 |
|
|
|a BIBL1-2006-2
|
| 909 |
|
|
|a Λ
|b 128966
|
| 970 |
|
|
|a ΚΑΡΑ
|b ΓΙΑΣΕΜΗ
|z 2006/07/17
|